000 00430nam a2200169Ia 4500
005 20240823055604.0
008 240823s9999||||xx |||||||||||||| ||und||
041 _aENGLISH
082 _A658.4034 Q3
100 _aSundaresan V
245 0 _aResource Management Techniques
250 _a1st
260 _c2013
_bAR Publica
_aNagapattanam
500 _aYES
650 _aResource Management
_bManagement Studies
942 _cBK
999 _c229140
_d229140